000 01034nam a22003137a 4500
003 CHAP
005 20220817041645.0
008 971013s1983 r 00010 d
010 _a20910
011 _a21882
035 _a25973
040 _cCHAP
090 _aFolleto 10089
100 0 0 _aCéspedes Torres, Eduardo.
_924339
245 _aGuía para cultivar cártamo de temporal en Las Huastecas
260 _aTampico, Tamps. :
_bINIA. Campo Agrícola Experiemtal Las Huastecas,
_c1983
300 _a16 p.
_b: ilus.
490 _aFolleto para productores
_v; 8
590 _aBATCH-UPD
_b10
_c20130110
_lUCH01
_h1734
590 _aBATCH-UPD
_b10
_c20130410
_lUCH01
_h1114
590 _aBATCH-UPD
_b10
_c20130914
_lUCH01
_h2049
590 _aCONVERSION
_b10
_c20130109
_lUCH01
_h1312
650 1 4 _aAzafrancillo.
_99048
830 0 _aFolleto para productores
_v; 8
901 _aBK
942 _cFOLL
949 _aFolleto 10089
_bBC
_cFOLL
_d-60012
_eTS1
_i25973
_mD
_si
949 _aFolleto 10089
_bBC
_cFOLL
_d-60013
_eTS2
_fc.2
_i25973
_mD
_si
999 _c20910
_d20910